000 01167cam a2200385 c 4500
001 51348
003 DO-SdBNP
005 20240902112844.0
007 51348
008 110524s2011 sp a || 001 0 spa
015 _a
017 _a
_b
020 _a9788430608102
035 _a
040 _aBPMSU
_bspa
_cBPMSU
_e
080 _a
080 _a
082 4 _a339.2
_bR545o 2011
_222
100 1 _aRidley, Matt
_d1958-
245 1 3 _aEl optimista racional :
_b¿tiene límites la capacidad de progreso de la especie humana? /
_cMatt Ridley ; traducción de Gustavo Beck Urriolagoitia
_h
260 _aMadrid :
_bSantillana Ediciones Generales,
_c2011
300 _a440 p. :
_bil., gráf. ;
_c25 cm
490 0 _aPensamiento
500 _aIncluye índice
534 _pTítulo original :
_tThe rational optimist.
590 _aInventariado, 2024/VM
650 4 _a Riqueza.
_2
650 4 _a Razón práctica
650 4 _aOptimismo
650 4 _aDesarrollo económico
650 4 _aCambios climáticos.
_x
700 1 _aBeck Urriolagoitia, Gustavo
_etraducción
910 _aVMateo V. Control de calidad BPMSU
942 _2ddc
_cBK
999 _c11313
_d11313